All time UK Top 15 Selling Albums:the artists? (with clues) - Statistics

General Stats
  • This quiz has been taken 51 times
  • The average score is 7 of 12
Answer Stats
Hint Answer % Correct
Cavern The Beatles
98%
Stockholm Abba
92%
Throne* Queen
80%
Bubbles* Michael Jackson
76%
Holiday Madonna
72%
Age* Adele
60%
MTV Dire Straits
58%
Roger Pink Floyd
56%
Brothers Oasis
50%
Beehive Amy Winehouse
46%
Coat? Fleetwood Mac
30%
Mick Simply Red
20%
No matching quizzes found
Score Distribution
Percent of People with Each Score
Percentile by Number Answered
Your Score History
You have not taken this quiz